| 000 | 00768 a2200217 4500 | ||
|---|---|---|---|
| 005 | 2008082708098.0 | ||
| 008 | 080827t xxu||||| |||| 00| 0 eng d | ||
| 010 | _aENG-87295 | ||
| 020 | _c150.00 | ||
| 035 | _aEN-87295 | ||
| 037 | _bDBAD / PUB | ||
| 082 | _a133.55 | ||
| 100 | _aBala, B. | ||
| 245 |
_aMaha Bala's advance ephemeris _cby B. Bala |
||
| 250 | _a7th ed. | ||
| 260 |
_aChennai _bKrishnamurti Publications _c2005 |
||
| 270 | _aF21-A, First flooor, Spencer Plaza, 769, Anna Salai | ||
| 300 |
_avarious pagings _c24 cm (pbk) |
||
| 942 |
_adpl _cEN _k133.55/BAL _2ddc _h133.55 _mBAL |
||
| 999 |
_c6357 _d6357 |
||